Loading...
| Fine Arts - Visual | 0 | 7 | 0 | 2 | 70 | 71 | 99.14 | 0 | 2 | 50.37 | 90.00 |
| Literature - World/Other | 0 | 7 | 0 | 0 | 70 | 69 | 99.43 | 1 | 1 | 0.00 | 0.00 |
| Literature - World/Other | 0 | 7 | 0 | 0 | 70 | 69 | 99.43 | 1 | 1 | 26.15 | 46.45 |
| History - Other | 0 | 7 | 0 | 1 | 70 | 51 | 79.57 | 0 | 3 | 30.47 | 49.12 |
| History - Other | 0 | 7 | 0 | 1 | 70 | 51 | 79.57 | 0 | 3 | 52.71 | 100.00 |
| Fine Arts - Visual | 0 | 7 | 0 | 2 | 70 | 71 | 99.14 | 0 | 2 | 23.85 | 51.24 |
| Literature - European | 0 | 6 | 1 | 0 | 55 | 51 | 81.50 | 0 | 3 | 30.40 | 46.17 |
| Literature - European | 0 | 6 | 1 | 0 | 55 | 51 | 81.50 | 0 | 3 | 0.00 | 0.00 |
| Science - Biology | 0 | 5 | 0 | 1 | 50 | 95 | 109.60 | 0 | 0 | 0.00 | 0.00 |
| Literature - American | 0 | 6 | 2 | 0 | 50 | 73 | 94.50 | 0 | 3 | 0.00 | 0.00 |
| Mythology | 0 | 5 | 0 | 1 | 50 | 87 | 105.80 | 0 | 0 | 0.00 | 0.00 |
| Mythology | 0 | 5 | 0 | 1 | 50 | 87 | 105.80 | 0 | 0 | 14.04 | 31.25 |
| Literature - American | 0 | 6 | 2 | 0 | 50 | 73 | 94.50 | 0 | 3 | 25.53 | 45.90 |
| Science - Biology | 0 | 5 | 0 | 1 | 50 | 95 | 109.60 | 0 | 0 | 6.95 | 17.83 |
| History - European | 0 | 4 | 0 | 0 | 40 | 87 | 94.25 | 0 | 2 | 11.52 | 23.75 |
| History - American | 0 | 5 | 2 | 0 | 40 | 66 | 100.20 | 2 | 3 | 0.00 | 0.00 |
| History - American | 0 | 5 | 2 | 0 | 40 | 66 | 100.20 | 2 | 3 | 11.15 | 45.00 |
| History - European | 0 | 4 | 0 | 0 | 40 | 87 | 94.25 | 0 | 2 | 0.00 | 0.00 |
| History - World | 0 | 5 | 2 | 0 | 40 | 36 | 69.80 | 0 | 3 | 0.00 | 0.00 |
| History - World | 0 | 5 | 2 | 0 | 40 | 36 | 69.80 | 0 | 3 | 26.50 | 39.32 |
| Literature - British | 0 | 4 | 1 | 0 | 35 | 90 | 111.50 | 0 | 0 | 8.25 | 14.31 |
| Literature - British | 0 | 4 | 1 | 0 | 35 | 90 | 111.50 | 0 | 0 | 0.00 | 0.00 |
| Philosophy | 0 | 5 | 3 | 0 | 35 | 47 | 73.60 | 0 | 3 | 24.52 | 42.31 |
| Philosophy | 0 | 5 | 3 | 0 | 35 | 47 | 73.60 | 0 | 3 | 49.15 | 80.00 |
| Social Science | 0 | 4 | 1 | 2 | 35 | 93 | 103.25 | 0 | 0 | 0.00 | 0.00 |
| Social Science | 0 | 4 | 1 | 2 | 35 | 93 | 103.25 | 0 | 0 | 5.89 | 18.21 |
| Science - Chemistry | 0 | 3 | 0 | 1 | 30 | 100 | 115.67 | 0 | 0 | 1.14 | 5.14 |
| Science - Chemistry | 0 | 3 | 0 | 1 | 30 | 100 | 115.67 | 0 | 0 | 0.00 | 0.00 |
| Fine Arts - Classical Music | 0 | 4 | 3 | 0 | 25 | 95 | 112.25 | 0 | 1 | 9.00 | 22.08 |
| Fine Arts - Classical Music | 0 | 4 | 3 | 0 | 25 | 95 | 112.25 | 0 | 1 | 0.00 | 0.00 |
| Fine Arts - Other | 0 | 3 | 2 | 0 | 20 | 68 | 98.67 | 0 | 2 | 9.92 | 50.00 |
| Fine Arts - Other | 0 | 3 | 2 | 0 | 20 | 68 | 98.67 | 0 | 2 | 9.23 | 15.71 |
| Science - Physics | 0 | 2 | 1 | 1 | 15 | 121 | 123.00 | 0 | 0 | 0.00 | 0.00 |
| Science - Physics | 0 | 2 | 1 | 1 | 15 | 121 | 123.00 | 0 | 0 | -0.41 | 3.52 |
| Other Academic | 0 | 1 | 0 | 1 | 10 | 129 | 129.00 | 0 | 0 | 0.00 | 0.00 |
| Pop Culture | 0 | 1 | 0 | 0 | 10 | 142 | 142.00 | 0 | 0 | 0.00 | 5.00 |
| Other Academic | 0 | 1 | 0 | 1 | 10 | 129 | 129.00 | 0 | 0 | 0.00 | 10.00 |
| Science - Other | 0 | 1 | 1 | 0 | 5 | 112 | 112.00 | 0 | 0 | 0.00 | 0.00 |
| Science - Other | 0 | 1 | 1 | 0 | 5 | 112 | 112.00 | 0 | 0 | 1.73 | 1.14 |
| Geography/Current Events | 0 | 0 | 2 | 0 | -10 | 0.00 | 0 | 0 | 0.00 | 0.00 | |
| Religion | 0 | 0 | 14 | 0 | -70 | 0.00 | 0 | 0 | 0.00 | 0.00 |